| 000 | 00674pam a2200229 a 4500 | ||
|---|---|---|---|
| 001 | 1998183 | ||
| 005 | 20180309072232.0 | ||
| 008 | 900326s1990 paua 001 0 eng | ||
| 010 | _a 90035299 | ||
| 020 |
_a0830683550 : _c$26.95 |
||
| 020 |
_a0830633553 (pbk.) : _c$16.60 |
||
| 040 |
_aDLC _cDLC _dDLC |
||
| 041 | _aeng | ||
| 080 | _a621.3815324 GOT | ||
| 082 | 0 | 0 |
_a621.3815324 GOT _220 |
| 100 | 1 | _a27 | |
| 101 | _aMEK | ||
| 245 | 1 | 0 |
_aSimplified practical filter design / _cIrving M. Gottlieb. |
| 906 |
_a7 _bcbc _corignew _d1 _eocip _f19 _gy-gencatlg |
||
| 942 |
_2ddc _cBK |
||
| 999 |
_c44574 _d44574 |
||